000 01140cam a22003252 4500
001 14672
003 BD-RjUL
005 20211208235653.0
008 140208s1975 nyua g b 001 0 eng d
020 _a0442230273
035 _aOCLC ocm01103168 from D971013M
_a(BD-RjUL)14726
040 _aDLC
_cDLC
_dBD-RjUL
_beng
041 _aeng
082 _a628.44
_bPAH 1975
100 1 _aPavoni, Joseph L.
_945725
245 1 0 _aHandbook of solid waste disposal :
_bmaterials and energy recovery /
_cJoseph L. Pavoni, John E. Heer, Jr., D. Joseph Hagerty.
260 _aNew York :
_bVan Nostrand Reinhold Co.,
_c[1975]
300 _axv, 549 p. :
_bill. ;
_c23 cm.
490 1 _aVan Nostrand Reinhold environmental engineering series
504 _aIncludes bibliographies and index.
650 0 _aRefuse and refuse disposal.
_945726
650 0 _aRecycling (Waste, etc.)
_945727
650 0 _aRefuse as fuel.
_945728
700 1 _aHeer, John E.
_944615
700 1 _aHagerty, D. Joseph.
_944616
830 0 _aVan Nostrand Reinhold environmental engineering series
_945729
942 _2ddc
_cBK
999 _c14672
_d14672